MARC details
| 000 -CABECERA |
| campo de control de longitud fija |
02426nam a22003134i 4500 |
| 001 - NÚMERO DE CONTROL |
| campo de control |
991061739579206706 |
| 003 - IDENTIFICADOR DEL NÚMERO DE CONTROL |
| campo de control |
ES-BaIT |
| 005 - FECHA Y HORA DE LA ÚLTIMA TRANSACCIÓN |
| campo de control |
20260422133902.0 |
| 008 - DATOS DE LONGITUD FIJA--INFORMACIÓN GENERAL |
| campo de control de longitud fija |
260313s2025 spco f 000 0 cat c |
| 020 ## - NÚMERO INTERNACIONAL ESTÁNDAR DEL LIBRO |
| Número Internacional Estándar del Libro |
9798294417932 |
| 040 ## - FUENTE DE LA CATALOGACIÓN |
| Centro catalogador/agencia de origen |
ES-BaIT |
| Lengua de catalogación |
cat |
| Normas de descripción |
rda |
| Centro/agencia transcriptor |
ES-BaIT |
| 080 ## - NÚMERO DE LA CLASIFICACIÓN DECIMAL UNIVERSAL |
| Número de la Clasificación Decimal Universal |
793(09) |
| 100 1# - ENTRADA PRINCIPAL--NOMBRE DE PERSONA |
| Nombre de persona |
Álvarez Ramos, Marina |
| Término indicativo de función/relación |
autor, |
| -- |
editor literari |
| 9 (RLIN) |
169282 |
| 245 10 - MENCIÓN DE TÍTULO |
| Título |
Història de la dansa : |
| Resto del título |
una guia completa per al batxillerat escènic / |
| Mención de responsabilidad, etc. |
Marina Álvarez Ramos |
| 264 #1 - PRODUCCIÓN, PUBLICACIÓN, DISTRIBUCIÓN, FABRICACIÓN Y COPYRIGHT |
| Producción, publicación, distribución, fabricación y copyright |
[Barcelona] : |
| Nombre del de productor, editor, distribuidor, fabricante |
Marina Álvarez Ramos, |
| Fecha de producción, publicación, distribución, fabricación o copyright |
2025 |
| 300 ## - DESCRIPCIÓN FÍSICA |
| Extensión |
171 pàgines : |
| Otras características físicas |
fotografies (en blanc i negre, en color) ; |
| Dimensiones |
25 cm |
| 336 ## - TIPO DE CONTENIDO |
| Término de tipo de contenido |
text |
| Código de tipo de contenido |
txt |
| Fuente |
rdacontent |
| 337 ## - TIPO DE MEDIO |
| Nombre/término del tipo de medio |
sense mediació |
| Código del tipo de medio |
n |
| Fuente |
rdamedia |
| 338 ## - TIPO DE SOPORTE |
| Nombre/término del tipo de soporte |
volum |
| Código del tipo de soporte |
nc |
| Fuente |
rdacarrier |
| 504 ## - NOTA DE BIBLIOGRAFÍA, ETC. |
| Nota de bibliografía, etc. |
Bibliografia, webgrafia i podcasts pàgines 164-165 |
| 520 ## - SUMARIO, ETC. |
| Sumario, etc. |
"Aquest és un llibre sobre dansa. Hi ha pocs llibres sobre dansa si ho comparem amb altres matèries, i encara menys si ho fem amb la resta d’arts.Aquest manual, escrit per la professora Marina Álvarez Ramos, neix amb la voluntat d’omplir aquest buit i d’oferir al professorat i a l’alumnat d’arts escèniques -especialment a aquells que cursen l’assignatura d’Història de la Música i la Dansa a batxillerat- una eina clara, rigorosa i actualitzada per entendre i contextualitzar la dansa dins del seu marc històric i artístic.El llibre segueix el currículum establert a Catalunya per a aquesta matèria i es centra específicament en la part dedicada a la dansa. Amb un llenguatge accessible i un enfocament pedagògic, cada capítol combina teoria, context històric i anàlisi d’obres amb enllaços a vídeos seleccionats; al final del manual s’inclouen models d’examen amb exercicis seguint el format actual de les proves PAU.La seva estructura està pensada per facilitar l’aprenentatge, fomentar l’interès per la dansa i proporcionar una base teòrica sòlida per a l’estudi i la docència. Una obra pensada per a ballarins i ballarines, estudiants, docents i per a qualsevol persona que vulgui aprofundir en el llenguatge de la dansa" -- Lluís del Castillo (XTEC) |
| 650 #0 - PUNTO DE ACCESO ADICIONAL DE MATERIA--TÉRMINO DE MATERIA |
| Término de materia o nombre geográfico como elemento de entrada |
Dansa |
| Subdivisión general |
Història |
| Fuente del encabezamiento o término |
lemac |
| 9 (RLIN) |
67415 |
| 650 #0 - PUNTO DE ACCESO ADICIONAL DE MATERIA--TÉRMINO DE MATERIA |
| Término de materia o nombre geográfico como elemento de entrada |
Dansa |
| Subdivisión general |
Ensenyament |
| Subdivisión geográfica |
Catalunya |
| 9 (RLIN) |
106664 |
| 650 #0 - PUNTO DE ACCESO ADICIONAL DE MATERIA--TÉRMINO DE MATERIA |
| Término de materia o nombre geográfico como elemento de entrada |
Dansa |
| Subdivisión de forma |
Manuals, guies, etc. |
| Fuente del encabezamiento o término |
lemac |
| 9 (RLIN) |
138336 |
| 650 #0 - PUNTO DE ACCESO ADICIONAL DE MATERIA--TÉRMINO DE MATERIA |
| Término de materia o nombre geográfico como elemento de entrada |
Educació secundària postobligatòria |
| Subdivisión geográfica |
Catalunya |
| 9 (RLIN) |
169283 |
| 908 ## - COLOCAR PARÁMETRO DE COMANDO (RLIN) |
| Colocar parámetro de comando |
CDMAE |
| 940 ## - EQUIVALENCIA O REFERENCIA-CRUZADA--TÍTULO UNIFORME [OBSOLETO] [solamente CAN/MARC] |
| Título uniforme |
<a href="CVA38">CVA38</a> |
| 942 ## - ELEMENTOS DE ENTRADA AGREGADA (KOHA) |
| Fuente del sistema de clasificación o colocación |
Clasificación decimal universal |
| Tipo de ítem Koha |
Llibre |